00355nam a2200109 a 450000500170000000800410001705000240005810000230008224501060010525000160021170000180022720140414093849.0120626s19uu xx 00 eng d aCD 510bG795hp 2010 aGreen, Christopher aOxford GCSE maths for Edexcel :bhigher plus - teacher's guide CD /cChristopher Green, Ian Bettison. aversion 1.0 aBettison, Ian